000 00663nam a2200277Ia 4500
005 20260324125425.0
008 008 260324s9999 xx 000 0 eng d
020 _a9780203866788
037 _aEBOOK
040 _aCRL
040 _beng
040 _cCRL
041 _2eng
041 _aeng
084 _qCRL
100 _aF. Elizabeth Gray
_91177928
245 0 _aChristian and Lyric Tradition in Victorian Women's Poetry
260 _bTaylor and Francis
260 _c2009
365 _a
365 _b255
856 _uhttp://www.taylorfrancis.com/books/9780203866788
942 _cEBOOK
999 _c1773175
_d1773175